[Event "Wichern op 5th"]
[Site "Hamburg"]
[Date "1999.10.17"]
[Round "3.71"]
[White "Labahn, Dieter"]
[Black "Zacharias, Christian"]
[Result "0-1"]
[WhiteElo "2042"]
[BlackElo "2197"]
[PlyCount "58"]
[EventDate "1999.10.15"]
[EventType "swiss"]
[EventRounds "9"]
[EventCountry "GER"]
[SourceTitle "EXT 2001"]
[Source "ChessBase"]
[SourceDate "2000.11.22"]
[SourceVersion "1"]
[SourceVersionDate "2000.11.22"]
[SourceQuality "1"]

1. e4 c5 2. c3 Nf6 3. e5 Nd5 4. d4 cxd4 5. Nf3 e6 6. cxd4 b6 7. Bd2 Be7 8. Nc3 Nxc3 9. Bxc3 Bb7 10. Bd3 Na6 11. a3 Nc7 12. Qe2 Nd5 13. Bd2 f5 14. exf6 Nxf6 15. Ne5 0-0 16. Rg1 Bd5 17. g4 d6 18. g5 dxe5 19. gxf6 Bxf6 20. dxe5 Bh4 21. Bxh7+ Kh8 22. Be3 Bf3 23. Qd3 Qc7 24. Qd4 g5 25. Bg6 Rad8 26. Qc3 Qd7 27. Bc2 Qb5 28. Bd1 Rxd1+ 29. Rxd1 Qe2# 0-1

[Event "Wichern op 5th"]
[Site "Hamburg"]
[Date "1999.10.17"]
[Round "4.28"]
[White "Zacharias, Christian"]
[Black "Gelashvili, Tamaz"]
[Result "1/2-1/2"]
[WhiteElo "2197"]
[BlackElo "2531"]
[PlyCount "107"]
[EventDate "1999.10.15"]
[EventType "swiss"]
[EventRounds "9"]
[EventCountry "GER"]
[SourceTitle "EXT 2001"]
[Source "ChessBase"]
[SourceDate "2000.11.22"]
[SourceVersion "1"]
[SourceVersionDate "2000.11.22"]
[SourceQuality "1"]

1. e4 d5 2. exd5 Qxd5 3. Nc3 Qa5 4. d4 c6 5. Nf3 Nf6 6. Bc4 Bf5 7. Bd2 e6 8. Qe2 Bb4 9. 0-0-0 Nbd7 10. a3 Bxc3 11. Bxc3 Qc7 12. Ne5 b5 13. Bb3 Be4 14. Nxd7 Qxd7 15. Bb4 Bd5 16. Bxd5 Qxd5 17. Rhe1 0-0-0 18. Be7 Rd7 19. Bxf6 gxf6 20. Qg4 Rhd8 21. c3 a5 22. Qe4 h5 23. Rd3 Rg8 24. Rg3 Rg5 25. Ree3 Rxg3 26. hxg3 Qc4 27. Qd3 Qxd3 28. Rxd3 Kd8 29. Rf3 Ke7 30. b3 Rd5 31. Rf4 Rg5 32. Kc2 e5 33. Re4 Kd6 34. Kd3 c5 35. dxc5+ Kxc5 36. b4+ axb4 37. axb4+ Kc6 38. c4 Rg8 39. Rh4 Rd8+ 40. Kc3 Rd1 41. cxb5+ Kxb5 42. Rxh5 Rc1+ 43. Kd3 Kxb4 44. Rh7 Rc7 45. Ke4 Rc2 46. Kf3 Rc7 47. g4 Rc3+ 48. Ke2 Rc2+ 49. Ke3 Rc3+ 50. Kd2 Rc7 51. Rh6 Rc6 52. g5 Kc5 53. Rxf6 Rxf6 54. gxf6 1/2-1/2

[Event "Oberliga Nord N 9899"]
[Site "Germany"]
[Date "1998.??.??"]
[Round "?"]
[White "Zacharias, Christian"]
[Black "Menk, Rolf"]
[Result "1-0"]
[WhiteElo "2170"]
[BlackElo "2180"]
[PlyCount "45"]
[EventDate "1998.10.??"]
[EventType "team-tourn"]
[EventRounds "9"]
[EventCountry "GER"]
[SourceTitle "EXT 2000"]
[Source "ChessBase"]
[SourceDate "1999.11.16"]
[SourceVersion "1"]
[SourceVersionDate "1999.11.16"]
[SourceQuality "1"]

1. e4 g6 2. d4 c6 3. c4 d6 4. Nf3 Bg7 5. Nc3 Bg4 6. Be3 Qb6 7. Qd2 a5 8. Be2 Nd7 9. 0-0 a4 10. h3 Bxf3 11. Bxf3 Qb4 12. b3 Nc5 13. a3 Qxb3 14. Be2 Qb6 15. dxc5 dxc5 16. Rab1 Qa5 17. Rfc1 b6 18. Bd1 Bxc3 19. Qxc3 Qxc3 20. Rxc3 Ra6 21. Rd3 e6 22. e5 Kf8 23. Rxb6 1-0